Estudios migratorios latinoamericanos, del Centro de Estudios Latinoamericanos /

Gespeichert in:
Bibliographische Detailangaben
1. Verfasser: Merino, Susana
Format: Text
Schlagworte:
Tags: Tag hinzufügen
Keine Tags, Fügen Sie den ersten Tag hinzu!

MARC

LEADER 00000 a a2200000 04500
001 42404
003
040
100 |a Merino, Susana  
245 |a Estudios migratorios latinoamericanos, del Centro de Estudios Latinoamericanos /  |c Susana Merino  
650 |a MIGRACION  
650 |a RESEÑAS BIBLIOGRAFICAS  
650 |a INVESTIGACION  
773 |g volumen34, número133 ( , 2003), páginas 211-215  
999 |c 37104  |d 37104